Culture Générale - Série 2510 - Statistiques

Statistiques générales
  • Ce quiz a été pris 67 fois
  • Le résultat moyen est 3 sur 10
Statistiques - réponses
Question Réponse % Correct
Prolongement vertical du bord postérieur du voile du palais, formant un petit appendice charnu, à l'entrée du gosier, aussi appelé "uvule" luette
58%
Etable à cochons soue
45%
Dans la mythologie grecque, qui est le père de Cronos ? Ouranos
45%
Mesurer la superficie de (un terrain) ou Parcourir à grands pas (un lieu délimité) arpenter
34%
Vent chaud, sec et violent qui souffle sur les côtes orientales de la mer Méditerranée : au Sahara, en Palestine, en Syrie et dans le désert d'Arabie simoun
19%
1.Rencontre de deux voyelles prononcées, à l'intérieur d'un mot (ex. aérer), ou entre deux mots énoncés sans pause (ex. il a été) - 2.Manque de continuité, interruption posant problème, contradiction dans une œuvre, un discours, une suite logique, une suite d'événements hiatus
16%
Quel est le prénom du 18° Président des Etats Unis dont un buste en bronze a été installé dans le Golden Gate Park de San Francisco , dans l' État américain de Californie , en 1896 ? voir photo Ulysses
16%
Habitation sommaire en Afrique du Nord - Abri de tranchée (1914-1918) - Habitation misérable et sale (familier) gourbi
14%
Homme qui vit d'escroqueries, de procédés indélicats - 8 lettres commençant par " a " aigrefin
6%
Bassin rectangulaire rectangulaire destiné principalement à l'accostage des cargos darse
5%
Aucun quiz correspondant
Distribution des résultats
% des personnes avec chaque résultat
Percentile par nombre de réponses
Votre historique - résultats
Vous n’avez pas pris ce quiz